[Event "Championnat de Paris Open A"]
[Site "Paris"]
[Date "2010.07.10"]
[Round "8.12"]
[White "Ribeiro, Romain"]
[Black "Lazo, Xenia"]
[Result "0-1"]
[WhiteElo "2159"]
[BlackElo "2112"]
[PlyCount "140"]
[EventDate "2010.??.??"]

1. Nf3 d5 2. d3 c6 3. Nbd2 Nf6 4. e4 dxe4 5. dxe4 Bg4 6. Bc4 e6 7. O-O Be7 8.
a4 O-O 9. Qe2 Nbd7 10. b3 Qc7 11. Bb2 Rfd8 12. Rfd1 Nf8 13. h3 Bxf3 14. Nxf3
Ng6 15. g3 Rxd1+ 16. Rxd1 Rd8 17. Rxd8+ Qxd8 18. Bd3 Nd7 19. h4 h6 20. h5 Ngf8
21. c3 Nc5 22. Bc2 Qb6 23. b4 a5 24. Ne5 axb4 25. Nc4 Qa7 26. cxb4 Nxa4 27. Ba3
Nc3 28. Qd2 Nb5 29. Bb2 Qa2 30. Qe2 Bxb4 31. e5 Bc3 32. Bxc3 Nxc3 33. Qd3 Nd5
34. Nd6 Qa1+ 35. Kg2 Qxe5 36. Nxb7 Nb4 37. Qc4 Qd5+ 38. Qxd5 exd5 39. Ba4 Ne6
40. f4 Kf8 41. Kf3 Ke7 42. g4 f6 43. Ke3 Nd8 44. Nc5 Kd6 45. Nb3 Ne6 46. Nd2 c5
47. Nf3 Na2 48. Bb3 Nc3 49. Nh4 Nd4 50. Kd3 Nce2 51. Ke3 Nc3 52. Kd3 Ne4 53.
Ba2 Nf2+ 54. Kd2 Nxg4 55. Bb1 Nh2 56. Ke3 Nf1+ 57. Kd3 Ng3 58. Ke3 Nxh5 59. Bg6
Ng3 60. Kf2 Ne4+ 61. Ke3 Nc3 62. Kd3 Ncb5 63. Ng2 c4+ 64. Ke3 Kc5 65. Ne1 Nb3
66. Nc2 d4+ 67. Ke4 d3 68. Ne3 Nc3+ 69. Kf5 Nd4+ 70. Kg4 d2 0-1

[Event "Championnat de Paris Open A"]
[Site "Paris"]
[Date "2010.07.10"]
[Round "8.13"]
[White "Chandesris, Ludovic"]
[Black "Santamaria, Jorge"]
[Result "0-1"]
[WhiteElo "2094"]
[BlackElo "2157"]
[PlyCount "98"]
[EventDate "2010.??.??"]

1. e4 c6 2. d4 d5 3. e5 c5 4. dxc5 Nc6 5. Bb5 e6 6. Be3 Nge7 7. c3 Bd7 8. Bxc6
Bxc6 9. Nf3 Nf5 10. Bd4 a5 11. O-O Nxd4 12. Qxd4 a4 13. Na3 Ra5 14. b4 axb3 15.
axb3 Bxc5 16. Qg4 Rxa3 17. Qxg7 Kd7 18. Rxa3 Bxa3 19. b4 Qf8 20. Qf6 Bb5 21.
Ra1 Bb2 22. Ra7 Kc7 23. Ra5 Bc4 24. Ng5 Bxc3 25. Nxf7 Bxb4 26. Ra1 Rg8 27. Qxe6
Qe7 28. Qf5 Rg6 29. Ra8 Ra6 30. Rc8+ Kb6 31. h3 Bc5 32. Rd8 Ka7 33. Rd7 Qe8 34.
Nd8 Rb6 35. Qxh7 Ba6 36. e6 Qf8 37. Qc2 Qxf2+ 38. Qxf2 Rb1+ 39. Kh2 Bxf2 40. e7
Re1 41. Nc6+ Kb6 42. Rd8 bxc6 43. e8=Q Rxe8 44. Rxe8 d4 45. g4 d3 46. Kg2 d2
47. Rd8 Be1 48. Kf3 c5 49. g5 Kc7 0-1

[Event "Championnat de Paris Open A"]
[Site "Paris"]
[Date "2010.07.10"]
[Round "8.14"]
[White "Quach, Charlie"]
[Black "Gretry, Patrice"]
[Result "0-1"]
[WhiteElo "2153"]
[BlackElo "2010"]
[PlyCount "84"]
[EventDate "2010.??.??"]

1. d4 Nf6 2. c4 c5 3. d5 d6 4. Nc3 g6 5. e4 Bg7 6. f4 O-O 7. Nf3 e6 8. dxe6
fxe6 9. Be2 Nc6 10. O-O Nh5 11. f5 exf5 12. exf5 Bxf5 13. Qd5+ Kh8 14. Ng5 Bd4+
15. Kh1 Qe7 16. Bxh5 Be6 17. Bd2 Bxd5 18. Nxd5 Qd7 19. Bf3 Ne5 20. Be2 Kg7 21.
Rab1 Rxf1+ 22. Rxf1 Rf8 23. Nf4 Rf6 24. b3 Ng4 25. Ne4 Rf8 26. h3 Nf6 27. Ng5
Re8 28. Bd3 Be5 29. Nd5 Rf8 30. Re1 Nxd5 31. cxd5 Rf2 32. Ne6+ Kg8 33. Bh6 Rxa2
34. Rf1 Ra1 35. Rxa1 Bxa1 36. Be2 Kf7 37. Bg4 Qb5 38. Ng5+ Ke7 39. Ne4 Qf1+ 40.
Kh2 Be5+ 41. g3 Qe1 42. Bf3 b5 0-1

[Event "Championnat de Paris Open A"]
[Site "Paris"]
[Date "2010.07.10"]
[Round "8.15"]
[White "Aflalo, Sophie"]
[Black "Plane, Boris"]
[Result "1/2-1/2"]
[WhiteElo "2008"]
[BlackElo "2140"]
[PlyCount "102"]
[EventDate "2010.??.??"]

1. e4 e5 2. Nf3 Qe7 3. Bc4 d6 4. d3 c6 5. O-O g6 6. Ng5 Nh6 7. f4 f6 8. Nf3 Bg7
9. f5 d5 10. Bb3 gxf5 11. Nxe5 fxe5 12. Bxh6 O-O 13. exd5 Qc5+ 14. d4 exd4 15.
dxc6+ Kh8 16. Bxg7+ Kxg7 17. cxb7 Bxb7 18. Nd2 Nc6 19. Nf3 h6 20. Kh1 Rf6 21.
Nh4 Raf8 22. Qh5 Ne7 23. Rae1 Ng6 24. Nf3 a5 25. Rd1 Rd8 26. c3 d3 27. Nd4 Rxd4
28. cxd4 Qxd4 29. Rg1 a4 30. Bc2 Qf2 31. Rxd3 Qxc2 32. Rd7+ Rf7 33. Rxf7+ Kxf7
34. Qxh6 Qxb2 35. Qh7+ Kf6 36. Qg8 a3 37. Qd8+ Kf7 38. Qc7+ Ne7 39. h3 Bd5 40.
Qg3 Qxa2 41. Re1 Qb2 42. Qg5 Be4 43. Qh5+ Ng6 44. Qe2 Qb3 45. Qe3 Qb2 46. Re2
Qb1+ 47. Kh2 Qb8+ 48. g3 Qb1 49. Qg1 a2 50. Qa7+ Ne7 51. Qxa2+ Qxa2 1/2-1/2

[Event "Championnat de Paris Open A"]
[Site "Paris"]
[Date "2010.07.10"]
[Round "8.16"]
[White "Anes, Emmanuel"]
[Black "Lemeille, Francois"]
[Result "1/2-1/2"]
[WhiteElo "2139"]
[BlackElo "1975"]
[PlyCount "58"]
[EventDate "2010.??.??"]

1. d4 e6 2. e4 d5 3. Nc3 dxe4 4. Nxe4 Nd7 5. Nf3 Ngf6 6. Bd3 Be7 7. O-O b6 8.
Qe2 Bb7 9. Ng3 O-O 10. Bg5 Re8 11. Rad1 Nf8 12. c4 Qc8 {=} 13. Ne5 c5 14. dxc5
Qxc5 15. Bd2 Ng6 16. Nxg6 hxg6 17. Bc3 Rad8 18. Ne4 Nxe4 19. Bxe4 Ba6 20. b3
Bf6 21. Bxf6 gxf6 22. Qf3 Kg7 23. Rxd8 Rxd8 24. Rd1 {=} 24... Rxd1+ 25. Qxd1
Qe5 26. Bc6 Qb2 27. a4 e5 28. h3 Bc8 29. Be4 Be6 {=} 1/2-1/2

[Event "Championnat de Paris Open A"]
[Site "Paris"]
[Date "2010.07.10"]
[Round "8.17"]
[White "Kambrath, Yannick"]
[Black "Rano, David"]
[Result "1/2-1/2"]
[WhiteElo "2001"]
[BlackElo "2166"]
[PlyCount "85"]
[EventDate "2010.??.??"]

1. d4 d5 2. c4 c6 3. Nf3 dxc4 4. e3 b5 5. a4 e6 6. axb5 cxb5 7. b3 Bb4+ 8. Bd2
Bxd2+ 9. Nbxd2 a5 10. bxc4 b4 11. Ne5 Nf6 12. Be2 Bb7 13. Qa4+ Ke7 14. Nb3 Qe8
15. Qxe8+ Rxe8 16. Rxa5 Rxa5 17. Nxa5 Bxg2 18. Rg1 Be4 19. Rxg7 Bg6 20. c5 Kf8
21. Rxg6 hxg6 22. c6 Nd5 23. Nb7 Ke7 24. e4 Nc7 25. Bc4 Kf8 26. Kf1 Kg7 27. Nd6
Re7 28. Nc8 Re8 29. Nd6 Rd8 30. Nexf7 Rxd6 31. Nxd6 Nxc6 32. d5 exd5 33. Bxd5
Nxd5 34. exd5 Ne7 35. Ke2 Nxd5 36. Kd3 Kf6 37. Kc4 Ke6 38. Ne4 Ke5 39. Nc5 Nf6
40. Kxb4 Ne4 41. Nd7+ Kf5 42. Nf8 Nxf2 43. Nxg6 1/2-1/2

[Event "Championnat de Paris Open A"]
[Site "Paris"]
[Date "2010.07.10"]
[Round "8.19"]
[White "Xheladini, Mahmut"]
[Black "Trommsdorf, Fro"]
[Result "1-0"]
[WhiteElo "2286"]
[BlackElo "2076"]
[PlyCount "69"]
[EventDate "2010.??.??"]

1. e4 c5 2. Nf3 e6 3. Nc3 a6 4. a4 Nc6 5. Bc4 Qc7 6. O-O Nf6 7. Re1 d6 8. h3
Be7 9. d3 O-O 10. Bd2 b6 11. Ba2 Re8 12. Ne2 b5 13. Nf4 Ne5 14. Nh2 Bb7 15. Ne2
c4 16. Bb1 Ned7 17. f4 e5 18. Nf3 d5 19. fxe5 Nxe5 20. Nxe5 Qxe5 21. Bc3 Qg5
22. Bd2 Qh4 23. axb5 dxe4 24. bxa6 exd3 25. cxd3 Bc5+ 26. d4 Bxd4+ 27. Nxd4
Qxd4+ 28. Be3 Qxd1 29. Rxd1 Bxg2 30. Kxg2 Rxe3 31. a7 Kf8 32. Rd4 Re2+ 33. Kf3
Rxb2 34. Rxc4 Rb7 35. Rca4 1-0

[Event "Championnat de Paris Open A"]
[Site "Paris"]
[Date "2010.07.10"]
[Round "8.20"]
[White "Troffiguer, Olivier"]
[Black "Marchadour, Claire"]
[Result "1-0"]
[WhiteElo "2159"]
[BlackElo "2072"]
[PlyCount "171"]
[EventDate "2010.??.??"]

1. d4 d5 2. Nf3 Nf6 3. c4 e6 4. Nc3 Nbd7 5. Bg5 Be7 6. e3 O-O 7. Qc2 c5 8. cxd5
exd5 9. Be2 b6 10. O-O Bb7 11. Rac1 Ne4 12. Bxe7 Qxe7 13. dxc5 Ndxc5 14. Rfd1
Rfd8 15. Nb5 g6 16. Nbd4 Rac8 17. Bf1 a5 18. Bb5 Qf6 19. Qe2 Nd6 20. Bd3 Nxd3
21. Qxd3 Ne4 22. Qe2 Nc5 23. Nb5 Ba6 24. Nfd4 Ne6 25. Qf3 Qxf3 26. gxf3 Rc5 27.
Nxe6 fxe6 28. Nd4 Kf7 29. Rxc5 bxc5 30. Nc6 Ra8 31. Rc1 c4 32. Nxa5 Rb8 33. Rc2
Bb5 34. b4 Ba4 35. Rc3 Rxb4 36. f4 Rb1+ 37. Kg2 Ra1 38. Ra3 Bd1 39. Nc6 Bb3 40.
Ra7+ Kf8 41. Nd4 Rxa2 42. Nxe6+ Kg8 43. Rg7+ Kh8 44. Rd7 Ra8 45. Nc7 c3 46.
Nxd5 Rc8 47. Nf6 Bg8 48. Nxg8 Kxg8 49. Rd1 Kf7 50. Kf3 Kf6 51. Ke4 g5 52. fxg5+
Kxg5 53. Rc1 Kg4 54. f3+ Kh3 55. Rc2 h5 56. f4 h4 57. Kd4 Rc7 58. e4 Kg4 59. f5
Kf4 60. Rf2+ Kg5 61. Kd3 Kf6 62. Rc2 Rg7 63. Rxc3 Rg2 64. h3 Ke5 65. Rc5+ Kd6
66. Rd5+ Ke7 67. Kc4 Rg3 68. Rd3 Kf6 69. Kd4 Kg5 70. Re3 Kf4 71. Re1 Kg5 72.
Re3 Kf4 73. Rd3 Kg5 74. Kc4 Kf6 75. Rd6+ Ke7 76. Re6+ Kf7 77. Kd5 Rxh3 78. Ke5
Rh1 79. Ra6 h3 80. Ra7+ Kg8 81. Kf6 Rg1 82. Ra8+ Kh7 83. Ra3 Rh1 84. e5 Kg8 85.
Ke6 h2 86. Rh3 1-0

[Event "Championnat de Paris Open A"]
[Site "Paris"]
[Date "2010.07.10"]
[Round "8.21"]
[White "Gouanelle, Franck"]
[Black "Ferry, Roger"]
[Result "1-0"]
[WhiteElo "2158"]
[BlackElo "2063"]
[PlyCount "83"]
[EventDate "2010.??.??"]

1. d4 d5 2. c4 c6 3. Nf3 Nf6 4. Nc3 dxc4 5. a4 Bf5 6. Ne5 Nbd7 7. Nxc4 e6 8. a5
Be7 9. f3 O-O 10. e4 Bg6 11. Be3 Bb4 12. Qb3 Qe7 13. Kf2 b5 14. axb6 axb6 15.
Rxa8 Rxa8 16. Na2 Ba5 17. Nxa5 bxa5 18. Bd3 c5 19. Qa3 Qd8 20. Rd1 cxd4 21.
Bxd4 Qc7 22. Kg1 Ne5 23. Rc1 Qb8 24. Be2 Ne8 25. Rc5 f6 26. Rxa5 Rxa5 27. Qxa5
Nc6 28. Qb6 Qd6 29. Bc3 e5 30. Nb4 Nd4 31. Bxd4 exd4 32. Qxd6 Nxd6 33. Nc6 Bf7
34. Nxd4 Nc4 35. b4 Nb6 36. Kf2 Kf8 37. Ke3 g6 38. Nb5 Ke7 39. Kd4 Kd7 40. Nc3
Kd6 41. Nb5+ Kc6 42. Na3 1-0

[Event "Championnat de Paris Open A"]
[Site "Paris"]
[Date "2010.07.10"]
[Round "8.22"]
[White "Ralle, Pierre"]
[Black "Msellek, Ilyass"]
[Result "0-1"]
[WhiteElo "2135"]
[BlackElo "2010"]
[PlyCount "100"]
[EventDate "2010.??.??"]

1. d4 Nf6 2. Nf3 e6 3. e3 c5 4. Bd3 d5 5. c3 Nc6 6. O-O Bd6 7. dxc5 Bxc5 8. b4
Bd6 9. Nbd2 e5 10. e4 Bb8 11. b5 Ne7 12. Ba3 O-O 13. exd5 Nfxd5 14. Re1 f6 15.
Bc4 Bd6 16. Bxd6 Qxd6 17. Ne4 Qd8 18. Qb3 Be6 19. Red1 Rc8 20. Rac1 Rxc4 21.
Qxc4 Nf4 22. Qc5 Qe8 23. Rd2 Bg4 24. Ng3 h5 25. Rcd1 Bxf3 26. gxf3 h4 27. Rd7
hxg3 28. Qxe7 gxh2+ 29. Kxh2 Qg6 30. Qxg7+ Qxg7 31. Rxg7+ Kxg7 32. c4 b6 33. a4
Rf7 34. a5 Rc7 35. axb6 axb6 36. Rd6 Rxc4 37. Rxb6 Rc2 38. Kg3 Rc1 39. Kh2 Rf1
40. Rb8 Rxf2+ 41. Kg3 Rg2+ 42. Kh4 Rh2+ 43. Kg3 Rb2 44. b6 Ne6 45. Kg4 Rb4+ 46.
Kg3 Nc5 47. Rc8 Nb3 48. Rc6 Nd4 49. Rc7+ Kg6 50. b7 Nf5+ 0-1

[Event "Championnat de Paris Open A"]
[Site "Paris"]
[Date "2010.07.10"]
[Round "8.23"]
[White "Matrand, Arnaud"]
[Black "Saliou, Jean-Yves"]
[Result "1-0"]
[WhiteElo "2130"]
[BlackElo "1996"]
[PlyCount "63"]
[EventDate "2010.??.??"]

1. d4 g6 2. Nf3 Bg7 3. g3 d5 4. Bg2 Nd7 5. O-O Ngf6 6. c4 c6 7. Nc3 O-O 8. Bf4
dxc4 9. e4 Nh5 10. Bg5 h6 11. Be3 Nhf6 12. Nd2 Nb6 13. h3 Nh7 14. d5 cxd5 15.
exd5 Bf5 16. Bxb6 axb6 17. Nxc4 b5 18. Nxb5 Qd7 19. a4 Ra6 20. g4 Ng5 21. gxf5
gxf5 22. d6 exd6 23. Qd5 f4 24. h4 f3 25. hxg5 fxg2 26. Rfd1 Re8 27. g6 Re6 28.
gxf7+ Qxf7 29. Ne3 Kh8 30. Nc7 Be5 31. Qxe6 Qh5 32. Qe8+ 1-0

[Event "Championnat de Paris Open A"]
[Site "Paris"]
[Date "2010.07.10"]
[Round "8.24"]
[White "Eid, Maha"]
[Black "Legrand, Stephane"]
[Result "1-0"]
[WhiteElo "2051"]
[BlackElo "2129"]
[PlyCount "67"]
[EventDate "2010.??.??"]

1. d4 Nf6 2. c4 e6 3. Nf3 c5 4. d5 b5 5. dxe6 fxe6 6. cxb5 d5 7. g3 Bd6 8. Bg2
O-O 9. O-O Nbd7 10. Nc3 Bb7 11. Re1 Qe7 12. e4 dxe4 13. Ng5 Be5 14. Ngxe4 Bd4
15. Be3 Bxe3 16. Rxe3 Nd5 17. Nxd5 Bxd5 18. Qe2 Rae8 19. Re1 Nb6 20. Nc3 Bxg2
21. Kxg2 Rf6 22. a4 Ref8 23. f4 Qb7+ 24. Kg1 Nd5 25. Rxe6 h6 26. Qc4 Rxe6 27.
Rxe6 Nxc3 28. bxc3 Kh8 29. Qxc5 Rd8 30. Rd6 Re8 31. Qd4 Qe7 32. Rxh6+ Kg8 33.
Qd5+ Qf7 34. Rh8+ 1-0

[Event "Championnat de Paris Open A"]
[Site "Paris"]
[Date "2010.07.10"]
[Round "8.26"]
[White "Gravier, Laurent"]
[Black "Pluyaud, Benoit"]
[Result "1/2-1/2"]
[WhiteElo "2098"]
[BlackElo "1930"]
[PlyCount "84"]
[EventDate "2010.??.??"]

1. e4 c5 2. Nf3 a6 3. d4 cxd4 4. Nxd4 Nf6 5. Nc3 e5 6. Nb3 d6 7. a4 Be7 8. Be2
O-O 9. O-O Bd7 10. Bg5 Bc6 11. Bxf6 Bxf6 12. Nd5 Nd7 13. a5 Rc8 14. c3 Bxd5 15.
Qxd5 Qc7 16. Bg4 Be7 17. Bxd7 Qxd7 18. Rfd1 Qc6 19. Rd3 Qxd5 20. Rxd5 Rc4 21.
f3 f5 22. Nd2 Rc6 23. Kf1 Bg5 24. exf5 Bxd2 25. Rxd2 Rxf5 26. Ke2 Kf7 27. Rad1
Ke6 28. Rd5 {=} 28... Rf4 29. Ke3 Ra4 30. g3 g5 31. R1d2 Ra2 32. Ke4 b5 33.
axb6 Rxb6 34. b4 Rxd2 35. Rxd2 Rc6 36. Kd3 d5 37. g4 Ke7 38. Ra2 h6 39. Ra5 Kd6
40. Kd2 Ke6 41. Kd3 Rb6 42. Ke3 Rc6 {=} 1/2-1/2

[Event "Championnat de Paris Open A"]
[Site "Paris"]
[Date "2010.07.11"]
[Round "9.1"]
[White "Duijker, Rick"]
[Black "Gervasio, Ricardo"]
[Result "1-0"]
[WhiteElo "2241"]
[BlackElo "2292"]
[PlyCount "79"]
[EventDate "2010.??.??"]

1. d4 d5 2. Bg5 Qd6 3. Nc3 Bf5 4. Qd2 c6 5. f3 Nf6 6. O-O-O Nbd7 7. Bf4 Qb4 8.
e4 Bg6 9. Bc7 Nb6 10. e5 Nfd7 11. h4 Bf5 12. g4 Be6 13. a3 Qa5 14. Nh3 Rc8 15.
Bxb6 Nxb6 16. Nf4 Bd7 17. e6 fxe6 18. Qe1 c5 19. Nxe6 cxd4 20. Rxd4 Rc6 21. Nf4
Rxc3 22. bxc3 Qxa3+ 23. Kd2 Qd6 24. Nxd5 Nxd5 25. Bc4 Bc6 26. Bxd5 Bxd5 27. c4
Qb4+ 28. c3 Qb2+ 29. Kd3 Bxf3 30. Qe6 Qe2+ 31. Qxe2 Bxe2+ 32. Kxe2 e6 33. Rhd1
Be7 34. Rd7 Rf8 35. Rxb7 Rf4 36. Rd4 e5 37. Rxf4 exf4 38. Rxa7 Bf6 39. Kf3 Bxc3
40. Kxf4 1-0

[Event "Championnat de Paris Open A"]
[Site "Paris"]
[Date "2010.07.11"]
[Round "9.2"]
[White "Wunderman, Xavier"]
[Black "Pozdnjakov, Viatcheslav"]
[Result "0-1"]
[WhiteElo "2173"]
[BlackElo "2208"]
[PlyCount "180"]
[EventDate "2010.??.??"]

1. e4 e6 2. d4 d5 3. exd5 exd5 4. Bd3 c5 5. Nf3 Nc6 6. O-O Nf6 7. h3 Be7 8.
Nbd2 c4 9. Be2 O-O 10. c3 b5 11. Ne5 Nxe5 12. dxe5 Nd7 13. Nf3 Nc5 14. Nd4 Qb6
15. Be3 a6 16. b4 Ne4 17. Rc1 Qc7 18. Re1 Nxc3 19. Rxc3 Bxb4 20. Bd2 Bxc3 21.
Bxc3 Qc5 22. Qd2 a5 23. a3 Bd7 24. Rd1 Qxa3 25. Ra1 Qe7 26. Bxa5 Qxe5 27. Rd1
Ra6 28. Bc3 Rg6 29. Nf3 Qe4 30. Kh2 Re8 31. Bf1 d4 32. Bxd4 Qd5 33. Qf4 f6 34.
Rd2 Qe4 35. Be3 Bc6 36. Qd6 f5 37. Qc7 Qe7 38. Qa5 Bxf3 39. gxf3 Qb7 40. Bg2 h6
41. Rb2 Rb8 42. Bf4 Qb6 43. Qb4 Rb7 44. Ra2 Kh7 45. Be5 Ra7 46. Rb2 Rc6 47. f4
Rc8 48. Qc3 Rd7 49. Rb4 Qxf2 50. Rb2 Qc5 51. Qc2 Rf8 52. h4 Rd3 53. Bf1 Ra3 54.
Qg2 Qe7 55. Qf2 Rfa8 56. Bh3 Qd7 57. Qg2 R8a7 58. h5 Qf7 59. Qg6+ Qxg6 60.
hxg6+ Kxg6 61. Rxb5 Ra2+ 62. Kh1 R7a3 63. Rb6+ Kh5 64. Bxf5 Re3 65. Rb1 g6 66.
Be6 Rc2 67. Rg1 g5 68. Bf5 Rd2 69. Bf6 Rd5 70. Bg4+ Kg6 71. Ba1 h5 72. Bd1 Rh3+
73. Kg2 g4 74. Re1 Rd2+ 75. Kg1 c3 76. Ba4 Ra2 77. Be8+ Kf5 78. Rc1 Rg3+ 79.
Kf1 Rf3+ 80. Kg1 h4 81. Bc6 Re3 82. Kf1 g3 83. Bd7+ Kf6 84. Bh3 Rh2 85. Kg1
Rxh3 86. Bxc3+ Kf5 87. Bg7 Rh2 88. Bh6 h3 89. Bg7 Rhe2 90. Rc5+ Ke4 0-1

[Event "Championnat de Paris Open A"]
[Site "Paris"]
[Date "2010.07.11"]
[Round "9.4"]
[White "Santamaria, Jorge"]
[Black "Elishev, Ivan"]
[Result "1-0"]
[WhiteElo "2157"]
[BlackElo "2214"]
[PlyCount "127"]
[EventDate "2010.??.??"]

1. c4 Nf6 2. g3 d5 3. cxd5 Nxd5 4. Bg2 Nb6 5. Nc3 g6 6. d3 Bg7 7. Be3 O-O 8.
Qd2 Re8 9. Bh6 Bh8 10. h4 N8d7 11. h5 Nf6 12. hxg6 hxg6 13. Nf3 e5 14. Bg5 Bg7
15. Rh4 Qd6 16. Bh6 Qf8 17. Bxg7 Qxg7 18. Ng5 a6 19. O-O-O Be6 20. Nxe6 Rxe6
21. Rdh1 Nbd5 22. Na4 b6 23. Nc3 Nxc3 24. Qxc3 Rd8 25. Kb1 c5 26. Qa3 a5 27.
Qb3 Rd4 28. Bf3 e4 29. dxe4 Rb4 30. Qc2 g5 31. Rh8+ Qxh8 32. Rxh8+ Kxh8 33. a3
Rd4 34. e3 Rd8 35. Qc3 Rde8 36. Bg4 Re5 37. Bf5 Kg8 38. f4 Nxe4 39. Bxe4 Rxe4
40. Qf6 R8e6 41. Qd8+ Kg7 42. f5 Re7 43. Qxb6 f6 44. Qxa5 c4 45. Qc5 R7e5 46.
Qc7+ Kh6 47. Qc8 Kh5 48. Qh8+ Kg4 49. Qxf6 Rxf5 50. Qc6 Rfe5 51. a4 Kf3 52. Kc2
g4 53. Kd2 Kxg3 54. a5 Rxe3 55. Qxc4 R3e4 56. Qc7 Kf2 57. Qf7+ Kg2 58. a6 Re7
59. Qd5 Kf3 60. Qf5+ Rf4 61. Qd5+ Kg3 62. b4 Ree4 63. Qd3+ Kf2 64. a7 1-0

[Event "Championnat de Paris Open A"]
[Site "Paris"]
[Date "2010.07.11"]
[Round "9.5"]
[White "Dicko, Henri"]
[Black "Samoun, Florent"]
[Result "1-0"]
[WhiteElo "2191"]
[BlackElo "2160"]
[PlyCount "65"]
[EventDate "2010.??.??"]

1. e4 Nf6 2. Nc3 d6 3. d4 g6 4. Be2 Bg7 5. g4 e5 6. g5 Ng8 7. Be3 Nc6 8. dxe5
Nxe5 9. f4 Nc6 10. Qd2 f5 11. O-O-O fxe4 12. Nxe4 Bf5 13. Ng3 Qd7 14. Nf3 Qf7
15. Nxf5 Qxf5 16. Nd4 Qf7 17. Kb1 Nge7 18. Bg4 Nf5 19. Nxf5 gxf5 20. Bf3 Qd7
21. Bh5+ Kd8 22. h4 Rf8 23. Bf3 Qf7 24. h5 Qc4 25. Bd5 Qb5 26. c3 Kd7 27. c4
Qa4 28. c5 Rae8 29. cxd6 cxd6 30. Rhe1 Nb4 31. Bb3 Qb5 32. Qxd6+ Kc8 33. Bxa7
1-0

[Event "Championnat de Paris Open A"]
[Site "Paris"]
[Date "2010.07.11"]
[Round "9.6"]
[White "Poelstra, Ben"]
[Black "Aurel, Luc"]
[Result "1/2-1/2"]
[WhiteElo "2117"]
[BlackElo "2185"]
[PlyCount "195"]
[EventDate "2010.??.??"]

1. e4 d6 2. d4 Nf6 3. Nc3 e5 4. dxe5 dxe5 5. Qxd8+ Kxd8 6. Bc4 Be6 7. Bxe6 fxe6
8. Be3 Bd6 9. f3 a6 10. Nge2 Ke7 11. O-O Nbd7 12. a4 h6 13. g4 g5 14. Kg2 Rag8
15. h3 h5 16. Rh1 Bc5 17. Bxc5+ Nxc5 18. b4 Ncd7 19. Kf2 Nb6 20. Rag1 h4 21.
Nc1 Nc4 22. Nd3 Rd8 23. Ra1 Rd6 24. Nd1 Nd7 25. Ne3 Nxe3 26. Kxe3 Rc6 27. Rhc1
Rd6 28. c4 c5 29. bxc5 Rc6 30. Rab1 Rb8 31. Rb4 Kf6 32. Rd1 Rc7 33. Rd2 Rbc8
34. Rdb2 Nxc5 35. Nxc5 Rxc5 36. Rxb7 Rxc4 37. R7b4 Rxb4 38. Rxb4 Rc3+ 39. Ke2
Ra3 40. Rb7 Rxa4 41. Ra7 Ra2+ 42. Ke3 a5 43. Kd3 a4 44. Ke3 a3 45. Kd3 Ra1 46.
Kc2 a2 47. Kb2 Rf1 48. Ra3 Rf2+ 49. Ka1 Rh2 50. Rxa2 Rxh3 51. Rf2 Rg3 52. Kb2
h3 53. Kc3 Rg2 54. Rf1 h2 55. Rh1 Rf2 56. Kd3 Rxf3+ 57. Ke2 Rf4 58. Ke3 Rxg4
59. Rxh2 Rh4 60. Rf2+ Kg6 61. Rf8 Rf4 62. Rg8+ Kf6 63. Rf8+ Kg7 64. Rb8 g4 65.
Rb5 Kf6 66. Rb8 Rf3+ 67. Ke2 Kg5 68. Rg8+ Kf4 69. Rg6 Ra3 70. Rxe6 Kxe4 71. Rg6
Ra2+ 72. Kf1 Kf5 73. Rg8 e4 74. Rf8+ Kg5 75. Ke1 g3 76. Kf1 Kg4 77. Rg8+ Kf3
78. Rf8+ Ke3 79. Rg8 Rf2+ 80. Ke1 Re2+ 81. Kf1 Rf2+ 82. Kg1 Rf3 83. Re8 Kd3 84.
Kg2 Rf6 85. Kxg3 e3 86. Rd8+ Ke2 87. Ra8 Rd6 88. Ra2+ Rd2 89. Ra3 Rb2 90. Kf4
Rb4+ 91. Kg3 Rc4 92. Ra2+ Kd3 93. Kf3 Rc3 94. Re2 Kd4 95. Ra2 Kd3 96. Re2 Kd4
97. Ra2 Kc4 98. Ke2 1/2-1/2

[Event "Championnat de Paris Open A"]
[Site "Paris"]
[Date "2010.07.11"]
[Round "9.7"]
[White "Lazo, Xenia"]
[Black "Dionisi, Thomas"]
[Result "1/2-1/2"]
[WhiteElo "2112"]
[BlackElo "2183"]
[PlyCount "90"]
[EventDate "2010.??.??"]

1. d4 g6 2. c4 Bg7 3. Nc3 d6 4. e4 e5 5. d5 h5 6. Bd3 a5 7. Nge2 Nd7 8. Be3 Bh6
9. Qd2 Bxe3 10. Qxe3 Kf8 11. Bc2 Kg7 12. O-O-O Nc5 13. Kb1 Nf6 14. h3 Qe7 15.
f3 h4 16. Rhe1 Nh5 17. f4 exf4 18. Nxf4 Nxf4 19. Qxf4 Nd7 20. Qe3 Ne5 21. Qd4
Bd7 22. a4 b6 23. Rf1 Qg5 24. Rf2 Rae8 25. Rdf1 Re7 26. Ne2 Rhe8 27. Nf4 Rf8
28. Ka2 Kg8 29. Qc3 Qg3 30. Qd4 Rfe8 31. Ne2 {=} 31... Qg5 32. Qc3 Bc8 33. Nd4
Qg3 34. Nf3 Nxf3 35. Qxf3 Qxf3 36. Rxf3 Kg7 37. Rf6 Rf8 38. Kb3 Re5 39. R6f4 g5
40. Rf6 Re7 41. Kc3 Rh8 42. Kd4 Rh6 43. Rxh6 Kxh6 44. Bd1 Kg7 45. Bg4 Bxg4
1/2-1/2

[Event "Championnat de Paris Open A"]
[Site "Paris"]
[Date "2010.07.11"]
[Round "9.8"]
[White "Gretry, Patrice"]
[Black "Xheladini, Mahmut"]
[Result "0-1"]
[WhiteElo "2010"]
[BlackElo "2286"]
[PlyCount "80"]
[EventDate "2010.??.??"]

1. e4 c6 2. d4 d6 3. Nf3 Nd7 4. Bd3 e5 5. c3 Ngf6 6. O-O Qc7 7. h3 Be7 8. Be3
h6 9. Nbd2 Nf8 10. Kh2 g5 11. dxe5 dxe5 12. Ng1 Ng6 13. g3 Be6 14. Be2 a5 15.
a4 Rd8 16. Qc2 Nf4 17. Nc4 Nxe2 18. Bb6 Qb8 19. Bxd8 Nxg1 20. Bxe7 Nf3+ 21. Kg2
Kxe7 22. Kxf3 Bxc4 23. Rfd1 Qc8 24. Kg2 Be6 25. Rh1 c5 26. b3 Rd8 27. f3 h5 28.
Rae1 Qd7 29. Rd1 Qe8 30. Rde1 Qc6 31. Rb1 g4 32. Rbe1 gxf3+ 33. Kxf3 Nxe4 34.
Rxe4 Bd5 35. Ke3 Qh6+ 36. Ke2 Bxe4 37. Qxe4 Qd2+ 38. Kf1 Qd1+ 39. Kf2 Rd2+ 40.
Ke3 Qe2# 0-1

[Event "Championnat de Paris Open A"]
[Site "Paris"]
[Date "2010.07.11"]
[Round "9.9"]
[White "Rene, Benoit"]
[Black "Carrillo, Jesus"]
[Result "1-0"]
[WhiteElo "2299"]
[BlackElo "2081"]
[PlyCount "85"]
[EventDate "2010.??.??"]

1. Nf3 Nf6 2. g3 g6 3. b4 Bg7 4. Bb2 O-O 5. Bg2 d6 6. c4 e5 7. d3 h6 8. O-O Nh5
9. Qc2 f5 10. Nbd2 g5 11. c5 g4 12. Ne1 d5 13. Qb3 c6 14. e4 Be6 15. f3 Re8 16.
exf5 Bxf5 17. Nc2 Be6 18. fxg4 d4 19. Nc4 Nf6 20. h3 Nbd7 21. Qa4 Bxc4 22. dxc4
Nh7 23. Qb3 a5 24. a3 axb4 25. axb4 Rxa1 26. Bxa1 Ng5 27. h4 Ne6 28. Be4 Nf6
29. Bf5 Qe7 30. Re1 Nd7 31. Qd3 Ndf8 32. Qf3 Qc7 33. Na3 Rd8 34. Kg2 Qd7 35.
Qd3 Re8 36. Bb2 Qf7 37. Rf1 Qc7 38. Nc2 b6 39. cxb6 Qxb6 40. Ba3 Ra8 41. Qe2 c5
42. b5 Qa5 43. Be4 1-0

[Event "Championnat de Paris Open A"]
[Site "Paris"]
[Date "2010.07.11"]
[Round "9.10"]
[White "Debeaune, Robin"]
[Black "Peric, Slavisa"]
[Result "0-1"]
[WhiteElo "2115"]
[BlackElo "2215"]
[PlyCount "70"]
[EventDate "2010.??.??"]

1. e4 e6 2. d4 d5 3. Nd2 h6 4. Ngf3 Nf6 5. Bd3 c5 6. dxc5 dxe4 7. Nxe4 Nxe4 8.
Bxe4 Qxd1+ 9. Kxd1 Bxc5 10. Ke2 Nd7 11. Be3 Bxe3 12. Kxe3 Nc5 13. Nd2 Nxe4 14.
Nxe4 Ke7 15. Rhd1 Bd7 16. c4 Bc6 17. c5 {=} 17... a5 18. Rd3 Rhd8 19. f3 Rxd3+
20. Kxd3 Rd8+ 21. Kc4 Bxe4 22. fxe4 Rd2 23. Rb1 Kd7 24. Kb5 Kc7 25. a4 Rxg2 26.
Kxa5 Re2 27. b4 Rxe4 28. Kb5 f5 29. Rc1 f4 30. Rg1 g5 31. h4 Re5 32. Kc4 f3 33.
b5 g4 34. b6+ Kc6 35. Rxg4 Rxc5+ 0-1

[Event "Championnat de Paris Open A"]
[Site "Paris"]
[Date "2010.07.11"]
[Round "9.11"]
[White "Cirlan, Ionut-Gheorghe"]
[Black "Troffiguer, Olivier"]
[Result "1-0"]
[WhiteElo "2110"]
[BlackElo "2159"]
[PlyCount "71"]
[EventDate "2010.??.??"]

1. e4 c5 2. Nf3 Nc6 3. Nc3 d6 4. d4 cxd4 5. Nxd4 Nf6 6. g3 e5 7. Nde2 h6 8. Bg2
Be7 9. O-O O-O 10. h3 a6 11. Be3 b5 12. f4 Rb8 13. b3 Na5 14. g4 b4 15. Nd5
Nxd5 16. Qxd5 Bb7 17. Qd3 exf4 18. Nxf4 Nc6 19. Nd5 Ne5 20. Nxe7+ Qxe7 21. Qd2
Bc6 22. Rad1 Rfd8 23. Rf5 Bd7 24. Rh5 Be6 25. g5 f6 26. gxf6 Qxf6 27. Rf5 Qg6
28. Rf2 Bf7 29. Qe2 Be6 30. Kh2 Kh7 31. Rg1 Rf8 32. Bf4 Bg4 33. Qe3 Qh5 34. Qg3
Bd1 35. Bxe5 dxe5 36. Bf3 1-0